Odisea

Saved in:
Bibliographic Details
Main Author: Homero (autor)
Format: Book
Language:Spanish
Published: Madrid Roble 1982
Subjects:
Tags: Add Tag
No Tags, Be the first to tag this record!

MARC

LEADER 00000nam a2200000 a 4500
001 UCH6324
003 CL-VaPUC
008 091109e19820000SP |||||||||||||||||spa|d
082 0 4 |a 883  |b HOM  |2 21 
100 |a Homero   |e autor  |9 265577 
245 1 0 |a Odisea 
300 |a 232 p 
942 |c BK 
945 |d 20091109 00:00:00  |a lazolas 
260 |a Madrid  |b Roble  |c 1982 
650 7 |a POESIAS EPICAS GRIEGAS  |2 CL-VaPUC  |9 265677 
650 7 |a LITERATURA GRIEGA  |2 CL-VaPUC  |9 258054 
583 |a last modification  |c 20091109 00:00:00  |k Rodrigo Vera 
999 |c 337233  |d 337231